000
00318nam a22001337a 4500
008
210223b ||||| |||| 00| 0 eng d
020
_a
9780761504108
041
_a
eng
080
_2
612.39
_a
612.39
100
_a
10
101
_a
NUT
245
_a
Encyclopedy of Nutritional Supplements
_c
Murray, M
942
_2
udc
_c
BK
999
_c
55109
_d
55109